📖 150 premiers mots "Barbe bleue" (Amélie Nothomb) - Statistiques

Statistiques générales
  • Ce quiz a Ă©tĂ© pris 22 fois
    12 depuis la dernière actualisation
  • Le rĂ©sultat moyen est 101 sur 150
Statistiques - réponses
Mots % Correct
²
100%
Ă 
100%
avait
100%
"C'
100%
C'
100%
ce
100%
d'
100%
dans
100%
de
100%
elle
100%
elle.
100%
en
100%
et
100%
était
100%
il
100%
l'
100%
L'
100%
lĂ 
100%
la
100%
La
100%
m
100%
n'
100%
qu'
100%
qui
100%
s'
100%
sa
100%
Saturnine
100%
t-
100%
au
88%
avec
88%
cette
88%
du
88%
fois
88%
Je
88%
oĂą
88%
pas
88%
pour
88%
pour ...
88%
première
88%
un
88%
une
88%
"Une
88%
vous,
88%
y
88%
Comme
75%
jamais,
75%
ne
75%
Quand
75%
sous
75%
chambre
63%
grande
63%
Paris
63%
pensa-
63%
pris
63%
tant
63%
arriva
50%
arrondissement
50%
ĂŞtre
50%
lieu
50%
rendez-
50%
VIIe
50%
aurais
38%
bains,
38%
beau
38%
entrait
38%
étonna
38%
hauteur
38%
marge.
38%
monde.
38%
plafond,
38%
revenait
38%
salle
38%
serait
38%
trop
38%
unique
38%
vrai,
38%
40
25%
ait
25%
cuisine
25%
hĂ´tel
25%
personnes
25%
annonce
13%
attente,
13%
candidate ;
13%
doutée
13%
équipée",
13%
magnifique
13%
maître
13%
matinée,
13%
pièce
13%
précédaient,
13%
quinze
13%
accès
0%
antichambre.
0%
Certes,
0%
colocation."
0%
constituait
0%
faste,
0%
invitait.
0%
libre
0%
néanmoins
0%
patienter.
0%
peine
0%
précisait :
0%
reçue
0%
résolut
0%
splendeur
0%
tranquille
0%
Aucun quiz correspondant
Distribution des résultats
% des personnes avec chaque résultat
Percentile par nombre de réponses
Votre historique - résultats
Vous n’avez pas pris ce quiz depuis la dernière actualisation